Capitals of the World in Alphabetical Order (with Hints) - Statistics

General Stats
  • This quiz has been taken 7 times
  • The average score is 113 of 199
Answer Stats
Continent Capital % Correct
Asia Abu Dhabi
100%
Africa Abuja
100%
Africa Accra
100%
Africa Addis Ababa
100%
Africa Algiers
100%
Europe Amsterdam
100%
Europe Andorra la Vella
100%
Asia Ankara
100%
Oceania Apia
100%
Africa Asmara
100%
South America Asunción
100%
Europe Athens
100%
Asia Baghdad
100%
Asia Baku
100%
Africa Bamako
100%
Asia Bangkok
100%
Africa Bangui
100%
Africa Banjul
100%
North America Basseterre
100%
Europe Belgrade
100%
Europe Berlin
100%
Europe Bern
100%
South America Bogotá
100%
South America Brasília
100%
Europe Bratislava
100%
Africa Brazzaville
100%
Europe Brussels
100%
Europe Bucharest
100%
Europe Budapest
100%
South America Buenos Aires
100%
Africa Cairo
100%
Oceania Canberra
100%
South America Caracas
100%
Europe Chișinău
100%
Europe Copenhagen
100%
Asia Dhaka
100%
Europe Dublin
100%
South America Georgetown
100%
Asia Hanoi
100%
Europe Helsinki
100%
Africa Kinshasa
100%
Europe Kyiv
100%
South America Lima
100%
Europe Lisbon
100%
Europe London
100%
Europe Luxembourg
100%
Europe Madrid
100%
North America Mexico City
100%
Europe Minsk
100%
Europe Monaco
100%
South America Montevideo
100%
Asia/Europe Moscow
100%
Europe Oslo
100%
North America Ottawa
100%
Oceania Palikir
100%
South America Paramaribo
100%
Europe Paris
100%
Asia Phnom Penh
100%
Europe Podgorica
100%
Africa Port Louis
100%
South America Port of Spain
100%
Europe Prague
100%
Europe Pristina
100%
Asia Amman
50%
Africa Antananarivo
50%
Asia Ashgabat
50%
Asia Astana
50%
Asia Bandar Seri Begawan
50%
Asia Beijing
50%
Asia Beirut
50%
North America Belmopan
50%
Asia Bishkek
50%
North America Bridgetown
50%
Africa Cape Town
50%
North America Castries
50%
Africa Dakar
50%
Asia Damascus
50%
Asia Dili
50%
Africa Djibouti
50%
Africa Dodoma
50%
Asia Dushanbe
50%
Africa Freetown
50%
Oceania Funafuti
50%
Africa Gaborone
50%
Africa Gitega
50%
North America Guatemala City
50%
Africa Harare
50%
North America Havana
50%
Oceania Honiara
50%
Asia Islamabad
50%
Asia Jakarta
50%
Asia Jerusalem
50%
Africa Juba
50%
Asia Kabul
50%
Africa Kampala
50%
Asia Kathmandu
50%
Africa Khartoum
50%
Africa Kigali
50%
North America Kingston
50%
North America Kingstown
50%
Asia Kuala Lumpur
50%
Asia Kuwait City
50%
Africa Libreville
50%
Europe Ljubljana
50%
Africa Lomé
50%
Africa Luanda
50%
Africa Lusaka
50%
Oceania Majuro
50%
Asia Malé
50%
North America Managua
50%
Asia Manama
50%
Asia Manila
50%
Africa Maputo
50%
Africa Mogadishu
50%
Africa Monrovia
50%
Asia Muscat
50%
Africa Nairobi
50%
North America Nassau
50%
Oceania Ngerulmud
50%
Asia Nicosia
50%
Oceania Nukuʻalofa
50%
Africa Ouagadougou
50%
North America Panama City
50%
North America Port-au-Prince
50%
Oceania Port Moresby
50%
Africa Porto-Novo
50%
Oceania Port Vila
50%
Africa Pretoria
50%
Asia Pyongyang
50%
South America Quito
50%
Africa Rabat
50%
Europe Reykjavík
50%
Europe Riga
50%
Europe Rome
50%
Europe Sarajevo
50%
Asia Seoul
50%
Asia Singapore
50%
Europe Sofia
50%
Oceania South Tarawa
50%
Europe Stockholm
50%
South America Sucre
50%
Oceania Suva
50%
Asia Taipei
50%
Europe Tallinn
50%
Asia Tashkent
50%
Europe Tirana
50%
Asia Tokyo
50%
Africa Tripoli
50%
Africa Tunis
50%
Asia Ulaanbaatar
50%
Europe Vaduz
50%
Europe Valletta
50%
Europe Vatican City
50%
Europe Vienna
50%
Europe Vilnius
50%
Europe Warsaw
50%
North America Washington, D.C.
50%
Oceania Wellington
50%
Africa Yamoussoukro
50%
Oceania Yaren
50%
Asia Yerevan
50%
Europe Zagreb
50%
Africa Bissau
0%
Africa Bloemfontein
0%
Africa Ciudad de la Paz
0%
Africa Conakry
0%
Asia Doha
0%
Asia East Jerusalem
0%
Africa Lilongwe
0%
Africa Maseru
0%
Africa Mbabane
0%
Africa Moroni
0%
Asia Naypyidaw
0%
Africa N'Djamena
0%
Asia New Delhi
0%
Africa Niamey
0%
Africa Nouakchott
0%
Africa Praia
0%
Asia Riyadh
0%
North America Roseau
0%
Asia Sanaa
0%
North America San José
0%
Europe San Marino
0%
North America San Salvador
0%
South America Santiago de Chile
0%
North America Santo Domingo
0%
Africa São Tomé
0%
Europe Skopje
0%
Asia Sri Jayawardenepura Kotte
0%
North America St. George's
0%
North America St. John's
0%
Asia Tbilisi
0%
North America Tegucigalpa
0%
Asia Tehran
0%
Asia Thimphu
0%
Africa Victoria
0%
Asia Vientiane
0%
Africa Windhoek
0%
Africa Yaoundé
0%
No matching quizzes found
Score Distribution
Percent of People with Each Score
Percentile by Number Answered
Your Score History
You have not taken this quiz